Математическое моделирование электромеханических процессов в индукторе для магнитно-импульсной обработки металлов

Bibliographic Details
Other Authors: Талалаев А. К., Кухарь В. Д., Орлов А. А., Сизова И. А., Киреева А. Е.
Summary:В книге приводятся результаты экспериментальных и теоретических исследований индукторов и индукторных систем для магнитно-импульсной обработки металлов (МИОМ). Основу теоретических исследований составляет обобщенная математическая модель, включающая в себя описание электродинамических и механических процессов, происходящих в спирали индуктора в процессе разряда магнитно -импульсной установки. На базе этой модели выполнен широкий круг исследований по характеру распределения токов, пондеромоторных сил, температур, а также напряжений и деформаций в сечении витка индуктора в процессе нагружения. Экспериментальные исследования посвящены выявлению причин и зон разрушения спирали индуктора в зависимости от условий нагружения и технологии её изготовления. Результаты теоретических и экспериментальных исследований легли в основу рекомендаций по проектированию и изготовлению индукторов и индукторных систем. Монография предназначена для научных работников и специалистов, работающих в области машиностроения с использованием метода МИОМ, а также может служить в качестве учебного пособия студентам машиностроительных специальностей и преподавателям при подготовке специалистов различных уровней. Печатается по решению библиотечно-издательского совета Тульского государственного университета
Language:Russian
Published: Тула, Изд-во ТулГУ, 2004
Subjects:
Format: MixedMaterials Book
KOHA link:https://koha.lib.tpu.ru/cgi-bin/koha/opac-detail.pl?biblionumber=109035

MARC

LEADER 00000nam0a2200000 4500
001 109035
005 20231101214836.0
010 |a 5767905983 
035 |a (RuTPU)RU\TPU\book\117696 
090 |a 109035 
100 |a 20070130d2004 k y0rusy50 ca 
101 0 |a rus 
102 |a RU 
105 |a a z 001zy 
200 1 |a Математическое моделирование электромеханических процессов в индукторе для магнитно-импульсной обработки металлов  |f А. К. Талалаев [и др.] 
210 |a Тула  |c Изд-во ТулГУ  |d 2004 
215 |a 118 с.  |c ил. 
320 |a Библиогр.: с. 115. 
330 |a В книге приводятся результаты экспериментальных и теоретических исследований индукторов и индукторных систем для магнитно-импульсной обработки металлов (МИОМ). Основу теоретических исследований составляет обобщенная математическая модель, включающая в себя описание электродинамических и механических процессов, происходящих в спирали индуктора в процессе разряда магнитно -импульсной установки. На базе этой модели выполнен широкий круг исследований по характеру распределения токов, пондеромоторных сил, температур, а также напряжений и деформаций в сечении витка индуктора в процессе нагружения. Экспериментальные исследования посвящены выявлению причин и зон разрушения спирали индуктора в зависимости от условий нагружения и технологии её изготовления. Результаты теоретических и экспериментальных исследований легли в основу рекомендаций по проектированию и изготовлению индукторов и индукторных систем. Монография предназначена для научных работников и специалистов, работающих в области машиностроения с использованием метода МИОМ, а также может служить в качестве учебного пособия студентам машиностроительных специальностей и преподавателям при подготовке специалистов различных уровней. Печатается по решению библиотечно-издательского совета Тульского государственного университета 
606 1 |a Магнитно-импульсная обработка металлов  |2 stltpush  |3 (RuTPU)RU\TPU\subj\40801  |9 60631 
606 1 |a Индукторы  |2 stltpush  |3 (RuTPU)RU\TPU\subj\12544  |9 39312 
610 1 |a металлообработка 
610 1 |a металлы 
610 1 |a электромеханические процессы 
610 1 |a математическое моделирование 
610 1 |a индукторные системы 
610 1 |a классификация 
610 1 |a механические процессы 
610 1 |a физические процессы 
610 1 |a численное моделирование 
610 1 |a изготовление 
610 1 |a конструкции 
610 1 |a технологии 
610 1 |a обработка 
675 |a 621.7.044.7  |v 3 
675 |a 621.785.545  |v 3 
701 1 |a Талалаев  |b А. К. 
701 1 |a Кухарь  |b В. Д. 
701 1 |a Орлов  |b А. А. 
701 1 |a Сизова  |b И. А. 
701 1 |a Киреева  |b А. Е. 
801 1 |a RU  |b 63413507  |c 20070130  |g PSBO 
801 2 |a RU  |b 63413507  |c 20180702  |g PSBO 
942 |c BK 
959 |a 11/20070130  |d 1  |e 200,00  |f НФ:1